England in the reign of King Henry the Eighth : (Record no. 22298)
[ view plain ]
| 000 -LEADER | |
|---|---|
| fixed length control field | 01848cam a22003611 4500 |
| 001 - CONTROL NUMBER | |
| control field | 22298 |
| 003 - CONTROL NUMBER IDENTIFIER | |
| rucl marc code | BD-RjUL |
| 005 - DATE AND TIME OF LATEST TRANSACTION | |
| control field | 20211209000805.0 |
| 008 - FIXED-LENGTH DATA ELEMENTS--GENERAL INFORMATION | |
| fixed length control field | 140308s1927 enk 000 0 eng d |
| 035 ## - SYSTEM CONTROL NUMBER | |
| System control number | (BD-RjUL)22363 |
| System control number | (OCoLC)1516370 |
| 040 ## - CATALOGING SOURCE | |
| Original cataloging agency | DLC |
| Transcribing agency | FM |
| Modifying agency | OCoLC |
| -- | DLC |
| -- | BD-RjUL |
| Language of cataloging | eng |
| 041 ## - LANGUAGE CODE | |
| Language code of text/sound track or separate title | eng |
| 082 00 - DEWEY DECIMAL CLASSIFICATION NUMBER | |
| Author mark and year | STE V-1 1927 |
| Classification number | 829.1 |
| 100 1# - MAIN ENTRY--PERSONAL NAME | |
| Personal name | Starkey, Thomas, |
| Dates associated with a name | -1538. |
| 9 (RLIN) | 68847 |
| 245 10 - TITLE STATEMENT | |
| Title | England in the reign of King Henry the Eighth : |
| Remainder of title | [A dialogue between Cardinal Pole and Thomas Lupset, lecturer in rhetoric at Oxford / |
| Statement of responsibility, etc. | By Thomas Starkey, chaplain to the King. Ed. with preface notes, and glossary, by J.M. Cowper] ... |
| Number of part/section of a work | Part 1 : |
| Name of part/section of a work | Starkeys Life and Letters |
| 260 ## - PUBLICATION, DISTRIBUTION, ETC. (IMPRINT) | |
| Place of publication, distribution, etc. | London : |
| Name of publisher, distributor, etc. | Pub. for the Early English Text Society, by N. Trübner & Co., |
| Date of publication, distribution, etc. | 1927. |
| 300 ## - PHYSICAL DESCRIPTION | |
| Pagination | 2 p. l., [iii]-c (i.e. 102) p., 1 l., ci-cixxvii, 236 p. ; |
| Size | 23 cm. |
| 490 0# - SERIES STATEMENT | |
| Series statement | Early English Text Society. Extra series. |
| Volume/sequential designation | no. XXXII, XII |
| 500 ## - GENERAL NOTE | |
| General note | Part 1 issued in 1878; pt. 2, in 1871. |
| 505 0# - FORMATTED CONTENTS NOTE | |
| Formatted contents note | pt. I. Starkey's life and letters. With an appendix, giving an extract from Sir William Forrest's Pleasaunt poesye of princelie practise, 1548. Ed. by Sidney J. Herrtage.--pt. II. A dialogue between Cardinal Pole and Thomas Lupset ... Ed. by J.M. Cowper. |
| 600 00 - SUBJECT ADDED ENTRY--PERSONAL NAME | |
| Personal name | Henry |
| Titles and other words associated with a name | King of England, |
| Dates associated with a name | 1491-1547 |
| Personal name | Pole, Reginald, |
| Dates associated with a name | 1500-1558. |
| Personal name | Lupset, Thomas, |
| Dates associated with a name | 1498?-1530. |
| 651 #0 - SUBJECT ADDED ENTRY--GEOGRAPHIC NAME | |
| Geographic name | Great Britain |
| General subdivision | History |
| Chronological subdivision | Henry VIII, 1509-1547. |
| 9 (RLIN) | 61197 |
| Geographic name | Great Britain |
| General subdivision | Economic conditions. |
| 9 (RLIN) | 68851 |
| 700 1# - ADDED ENTRY--PERSONAL NAME | |
| Personal name | Forrest, William, |
| Dates associated with a name | active 1530-1581. |
| Personal name | Cowper, J. Meadows |
| Fuller form of name | (Joseph Meadows), |
| Relator term | ed. |
| Personal name | Herrtage, Sidney J. H. |
| Fuller form of name | (Sidney John Hervon), |
| Relator term | ed. |
| 942 ## - ADDED ENTRY ELEMENTS (KOHA) | |
| Source of classification or shelving scheme | Dewey Decimal Classification |
| Koha item type | Books |
| Lost status | Source of classification or shelving scheme | Damaged status | Not for loan | Collection code | Permanent Location | Current Location | Shelving location | Date acquired | Source of acquisition | Cost, normal purchase price | Total Checkouts | Full call number | Date last seen | Copy number | Koha item type |
|---|---|---|---|---|---|---|---|---|---|---|---|---|---|---|---|
| Dewey Decimal Classification | Added to bundle | Non-fiction | Central Library, University of Rajshahi | Central Library, University of Rajshahi | Reading Room | 06/11/1956 | Blackwell | 9.60 | 826.1 STE V-1 1927 | 08/03/2014 | C-1 | Books |